Normal view MARC view

Entry Personal Name

Number of records used in: 45

001 - CONTROL NUMBER

  • control field: 33297

003 - CONTROL NUMBER IDENTIFIER

  • control field: dpl

005 - DATE AND TIME OF LATEST TRANSACTION

  • control field: 20110823112007.0

008 - FIXED-LENGTH DATA ELEMENTS

  • fixed length control field: 110823|||a|||||| | ||| d

040 ## - CATALOGING SOURCE

  • Original cataloging agency: dpl
  • Transcribing agency: dpl

100 ## - HEADING--PERSONAL NAME

  • Personal name: ਆਰੀਆ ਪ੍ਰਹਰਾਜ

670 ## - SOURCE DATA FOUND

  • Source citation: Work cat.: (dpl): 24414 ਪਾਂਡਿਆਨ, ਸਾਵਿੱਤਰੀ, ਬੱਚਿਆਂ ਲਈ ਸਦਾਬਹਾਰ ਕਹਾਣੀਆਂ /, 2011

670 ## - SOURCE DATA FOUND

  • Source citation: Work cat.: (dpl): 24414 ਪਾਂਡਿਆਨ, ਸਾਵਿੱਤਰੀ, ਬੱਚਿਆਂ ਲਈ ਸਦਾਬਹਾਰ ਕਹਾਣੀਆਂ /, 2011

© Delhi Public Library
Hit Counter
free hit counter